| 000 | 00803nam a2200193 i 4500 | ||
|---|---|---|---|
| 001 | 181361 | ||
| 003 | ES-MaACL | ||
| 005 | 20250814070106.0 | ||
| 008 | 121214s1887 sp |||| | spa d | ||
| 245 | 0 | 0 |
_aDivisión territorial militar de España : _bextracto de las actas de las sesiones de la Junta Directiva en que se discutieron las bases a que debe ajustarse la división territorial militar de España. |
| 260 |
_aMadrid : _b[s.n.], _c1887 ( _fImp. de Fortanet) |
||
| 300 |
_a51 p. ; _c23 cm. |
||
| 594 | _aPrecede al tít.: Sociedad Geográfica de Madrid. | ||
| 650 | 7 |
_aGeografía militar _2embne _913082 |
|
| 651 | 7 |
_aEspaña- _xPolítica militar- _yS.XIX _2 _9168941 |
|
| 710 | 2 |
_aSociedad Geográfica de Madrid. _96775 |
|
| 852 |
_aES-MaACL _jT-454-F-13 |
||
| 999 |
_c181361 _d181361 |
||